Регионална библиотека "Любен Каравелов" - Русе

Патилата на Мечо Клепоушко (Запис номер 148814)

MARC детайли
000 -Лидер
Контролно поле с фиксирана дължина 01496nam a2200337 c 4500
003 - Код на организацията, давaща контролен номер
Контролно поле BLK
005 - Дата и час на последна редакция
Контролно поле 20250607112123.0
008 - Елементи от данни с фиксирана дължина
fixed length control field 180410b bul|||||r ||||||| ||bul||
010 ## - Наследен системен номер
LC control number KNG00155042000
040 ## - Източник на каталожния запис
Идентификатор на билиотеката - собственик на записа BLK
041 ## - Код за език
Код за езика на текст/звукозапис или на отделно заглавие Български
Код за езика КДБФ Български
080 ## - УДК
Текстов определител УДК Полска литература
УДК код - определител по УДК 821.162.1
УДК определител -93-34
УДК - код + определител 821.162.1-93-34
100 1# - Редна дума - Автор
Автор Янчарски, Чеслав
Авторска отговорност първи автор
R(LIN) 145960
139 ## - Редно поле
Редна дума Янчарски, Чеслав
Авторски знак Янч - Я 71
245 10 - Сведения за заглавието
Заглавие Патилата на Мечо Клепоушко
Подзаглавни данни Приказки
Редно поле (дума) Чеслав Янчарски; прев. от пол. Катя Георгиева; прев. от пол. Райна Цветкова; ил. Збигнев Рихлицки.
250 ## - Област на изданието
Сведения за изданието 2. изд.
257 ## - Страна на издаване
Страна на създаване/издаване Полша
260 ## - Област на издателските данни
-- София
Име на издателя, разпространителя и проч. Отечество
Година на издаване 1977
300 ## - Физическа характеристика
Страници 64 с.
Илюстрации и др. с ил.
Размери/Мащаб 32 см
380 ## - Жанр
Жанр Детска худож. лит.
500 ## - Общи забележки
Забележка Ориг. заг. Przygody i wedroski Misia Uszatka / Ч. Янчарски. - 1. изд. 1962. - 150 100 тир.
700 1# - Други автори (авторска отговорност)
Лично име Георгиева, Катя
Автороска отговорност (Описва отношението между автора и произведението) прев. от пол.
9 (RLIN) 363907
700 1# - Други автори (авторска отговорност)
Лично име Цветкова, Райна
Автороска отговорност (Описва отношението между автора и произведението) прев. от пол.
9 (RLIN) 380140
700 1# - Други автори (авторска отговорност)
Лично име Рихлицки, Збигнев
Автороска отговорност (Описва отношението между автора и произведението) ил.
9 (RLIN) 330137
852 ## - Местоположение
Форматна сигнатура Цб ІІ 19141
856 4# - Електронен адрес и достъп
Електронен формат pdf - файл
Път до файла /url/
856 4# - Електронен адрес и достъп
Електронен формат pdf - файл
Път до файла /url/
942 ## - АРТИКУЛИ
Вид на библиотечния материал Книги
Скрит в OPAC Не
Koha issues (borrowed), all copies 4
944 ## - СЪЗДАВАНЕ И РЕДАКЦИЯ на ЗАПИСА
Създаване/Редакция Създаване
Дата на регистрацията/редакция 27.12.2013
Статус, дата на статуса Бояна Костадинова
Служител, извършил регистрацията/редакцията 30551
944 ## - СЪЗДАВАНЕ И РЕДАКЦИЯ на ЗАПИСА
Създаване/Редакция Редакция
Дата на регистрацията/редакция 27.12.2013
Статус, дата на статуса 27.12.2013 - от С1,Р / 27.12.2013
Служител, извършил регистрацията/редакцията
999 ## - СИСТЕМНИ КОНТРОЛНИ НОМЕРА
Koha biblionumber 148814
Koha biblioitemnumber 148814
Наличности
Код за отписване Код за изгубен артикул Източник на класификационната схема Код за повреда Коз за рестрикции Код за отдаване Артикулен № Име на библиотеката - собственик Име на библиотеката, в която се намира в момента Статус (Текущо местоположение) Дата на вписване в системата Местоположение - отдел Цена в лева Инвентарен номер Систематично азбучна сигнатура Баркод Номер на екземпляра Цена в евро Служебна бележка Служебен тип на артикула
  Не е изгубен Universal Decimal Classification Не е повреден само за читалня ползва се в читалня 248049 Регионална библиотека "Любен Каравелов" Русе Регионална библиотека "Любен Каравелов" Русе Хранилище 1977-01-01 Хранилище 1.06 230445 Цб ІІ 19141 120000230445 1 0.54 N: стар фонд Дата: 01.01.1977 Книги
Изтеглен Не е изгубен Universal Decimal Classification Не е повреден без рестрикции заемане за дома 248050 Регионална библиотека "Любен Каравелов" Русе Регионална библиотека "Любен Каравелов" Русе Детски отдел 1977-01-01 Детски отдел 1.06 232852 ДХ 820/899/Я 71 232852 2 0.54 N: стар фонд Дата: 01.01.1977 Дата инв: 17.09.2015 Бележки инв: Д2015 Книги
  Не е изгубен Universal Decimal Classification Не е повреден без рестрикции заемане за дома 248051 Регионална библиотека "Любен Каравелов" Русе Регионална библиотека "Любен Каравелов" Русе Детски отдел 1977-01-01 Детски отдел 1.06 232854 ДХ 820/899/Я 71 120000232854 3 0.54 N: стар фонд Дата: 01.01.1977 Дата инв: 05.10.2015 Бележки инв: Д2015 Книги
Vip Innovations Ltd, Rousse, Bulgaria 2025